000 00666cam a2200205 4500500
005 20251228090746.0
041 _afre
042 _adc
100 1 0 _aSueur, Jean-Pierre
_eauthor
700 1 0 _aAvril, Yves
_eauthor
700 1 0 _aLeplay, Michel
_eauthor
700 1 0 _aFaguer, Nicolas
_eauthor
700 1 0 _aBruley, Pauline
_eauthor
700 1 0 _aParisot, André
_eauthor
245 0 0 _aHommages
260 _c2016.
500 _a50
786 0 _nBulletin de l’Amitié Charles Péguy | 155 | 3 | 2016-04-14 | p. 189-195 | 0180-8567
856 4 1 _uhttps://shs.cairn.info/revue-bulletin-de-lamitie-charles-peguy-2016-3-page-189?lang=fr&redirect-ssocas=7080
999 _c1602689
_d1602689